[Event "American Cont Blitz 2025"]
[Site "Foz do Iguacu BRA"]
[Date "2025.05.30"]
[Round "4.6"]
[White "Liascovich, Lucas"]
[Black "Ynojosa Aponte, Felix Jose"]
[Result "1-0"]
[WhiteTitle "IM"]
[BlackTitle "IM"]
[WhiteElo "2417"]
[BlackElo "2392"]
[WhiteFideId "108634"]
[BlackFideId "3900258"]
[EventDate "2025.05.30"]

1. d4 Nf6 2. Nf3 e6 3. e3 c5 4. Bd3 b6 5. b3 Bb7 6. Bb2 Nc6 7. O-O d5 8. a3 Bd6
9. Nbd2 O-O 10. Qe2 Ne7 11. Ne5 Ng6 12. Rad1 Rc8 13. Nxg6 hxg6 14. dxc5 Bxc5 15.
e4 a5 16. a4 Qe7 17. Rfe1 dxe4 18. Nxe4 Nxe4 19. Bxe4 Bxe4 20. Qxe4 Qg5 21. h4
Qf5 22. Qxf5 gxf5 23. c4 Rfd8 24. Be5 f6 25. Bc3 e5 26. Kf1 Kf7 27. g3 Ke6 28.
Ke2 Rxd1 29. Rxd1 Rh8 30. Rd5 Bd6 31. Rb5 Bc7 32. c5 Rb8 33. Kd3 e4+ 34. Kc4
bxc5 35. Rxb8 Bxb8 36. Bxa5 e3 37. fxe3 Bxg3 38. Bb6 Bxh4 39. a5 Kd7 40. Kb5 Bf2
41. a6 Kc8 42. Kc6 Kb8 43. Bxc5 f4 44. exf4 Bxc5 45. Kxc5 Ka7 46. f5 Kxa6 47.
Kd6 Kb5 48. Ke6 Kc6 49. Kf7 Kd6 50. Kxg7 Ke5 51. Kg6 1-0

[Event "American Cont Blitz 2025"]
[Site "Foz do Iguacu BRA"]
[Date "2025.05.30"]
[Round "4.7"]
[White "Campos Gomez, Manuel"]
[Black "Hungaski, Robert"]
[Result "1-0"]
[WhiteTitle "IM"]
[BlackTitle "GM"]
[WhiteElo "2355"]
[BlackElo "2477"]
[WhiteFideId "4444710"]
[BlackFideId "2021030"]
[EventDate "2025.05.30"]

1. Nf3 e6 2. c4 d5 3. g3 c5 4. Bg2 Nc6 5. cxd5 exd5 6. d4 Nf6 7. O-O c4 8. Nc3
Be7 9. b3 cxb3 10. Qxb3 O-O 11. Bg5 Na5 12. Qc2 Be6 13. Ne5 Rc8 14. Qd3 a6 15.
a4 Nc4 16. Rab1 Qc7 17. Bxf6 Bxf6 18. Nxd5 Bxd5 19. Bxd5 Nxe5 20. dxe5 Qxe5 21.
Bxb7 Rc3 22. Qxa6 h5 23. Bf3 h4 24. Rb5 Qd4 25. Rd5 Qb4 26. a5 Ra3 27. Rb5 Qd4
28. Qb7 Be5 29. Rd5 Qc3 30. Qb5 Bb8 31. a6 Ba7 32. Rd7 Bc5 33. Kg2 Rb3 34. Qc6
Bd4 35. Qxc3 Bxc3 36. a7 1-0

[Event "American Cont Blitz 2025"]
[Site "Foz do Iguacu BRA"]
[Date "2025.05.30"]
[Round "4.8"]
[White "Reyes Zavaleta, Fabian Ricardo"]
[Black "Lima, Darcy"]
[Result "0-1"]
[WhiteTitle "FM"]
[BlackTitle "GM"]
[WhiteElo "2299"]
[BlackElo "2380"]
[WhiteFideId "3844153"]
[BlackFideId "2100045"]
[EventDate "2025.05.30"]

1. d4 d6 2. Nf3 Nf6 3. c4 g6 4. Nc3 Bg7 5. e4 Bg4 6. Be2 Bxf3 7. Bxf3 e5 8. Be3
exd4 9. Bxd4 Nc6 10. Be3 O-O 11. O-O Re8 12. h3 Nd7 13. Qd2 Nc5 14. Rfe1 Bxc3
15. Qxc3 Nxe4 16. Bxe4 Rxe4 17. Bh6 Rxe1+ 18. Rxe1 f6 19. Qf3 Ne5 20. Qxb7 Nf7
21. Bc1 a5 22. b3 a4 23. b4 Rb8 24. Qc6 Ne5 25. Qd5+ Kg7 26. a3 Qe8 27. Kf1 Qf7
28. Bb2 Nxc4 29. Qd4 c5 30. Qc3 Nxb2 31. Qxb2 cxb4 32. axb4 Rb7 33. Re4 Qb3 34.
Qe2 Qb1+ 35. Qe1 Qxe1+ 36. Kxe1 a3 37. Re3 Ra7 0-1

[Event "American Cont Blitz 2025"]
[Site "Foz do Iguacu BRA"]
[Date "2025.05.30"]
[Round "4.9"]
[White "Muniz, Francisco Allysson da S."]
[Black "Carcamo, Matias"]
[Result "0-1"]
[WhiteElo "2197"]
[BlackElo "2077"]
[WhiteFideId "2184753"]
[BlackFideId "115541"]
[EventDate "2025.05.30"]

1. d4 d5 2. c4 c6 3. Nc3 Nf6 4. Nf3 e6 5. Bg5 b6 6. e3 Nbd7 7. Rc1 Bb7 8. cxd5
exd5 9. Bd3 Be7 10. O-O O-O 11. Ne5 h6 12. Bf4 Nxe5 13. Bxe5 Bd6 14. f4 Rc8 15.
Qa4 a6 16. b4 Ng4 17. Bf5 b5 18. Qb3 Nxe3 19. Bxc8 Bxc8 20. Rf3 Nc4 21. Rg3 f6
22. Bxd6 Qxd6 23. Rf1 Nd2 24. Qc2 Nxf1 25. Kxf1 Qxf4+ 26. Rf3 Qxd4 27. Qg6 Qg4
28. Qc2 Qc4+ 29. Kg1 d4 30. Rf4 Qxc3 31. Qg6 Qe3+ 32. Rf2 d3 0-1

[Event "American Cont Blitz 2025"]
[Site "Foz do Iguacu BRA"]
[Date "2025.05.30"]
[Round "4.10"]
[White "Perez Gormaz, Matias"]
[Black "Molina Sumoza, Jesus Alberto"]
[Result "1-0"]
[WhiteTitle "IM"]
[BlackTitle "CM"]
[WhiteElo "2408"]
[BlackElo "2025"]
[WhiteFideId "3406342"]
[BlackFideId "3901874"]
[EventDate "2025.05.30"]

1. e4 c5 2. Nf3 Nc6 3. Bb5 g6 4. O-O Bg7 5. c3 e5 6. d4 cxd4 7. cxd4 exd4 8. Bf4
Nge7 9. Bd6 O-O 10. Nbd2 a6 11. Bc4 b5 12. Bb3 Bb7 13. Re1 Na5 14. e5 Rc8 15.
Nxd4 Nc4 16. Bxc4 bxc4 17. Rc1 Bd5 18. Qa4 Re8 19. Nxc4 Nc6 20. Nxc6 Bxc6 21.
Qa3 Bh6 22. Rc3 Bd5 23. Ne3 Bb7 24. Qb3 Bc6 25. Nd5 Bg7 26. Rce3 Qg5 27. h3 Kh8
28. Rg3 Qd8 29. Rf3 Qa5 30. Rd1 Kg8 31. Re3 Qb5 32. Qxb5 Bxb5 33. Ne7+ Rxe7 34.
Bxe7 Rc2 35. a3 Rxb2 36. Bf6 Bf8 37. Rc1 Bc6 38. Rec3 Ra2 39. Rb1 Bb5 40. Rc8 h6
41. Be7 1-0

[Event "American Cont Blitz 2025"]
[Site "Foz do Iguacu BRA"]
[Date "2025.05.30"]
[Round "4.11"]
[White "Caetano, Hugo Zanotti Mendonca"]
[Black "Mayta Aiza, Maveric"]
[Result "0-1"]
[BlackTitle "CM"]
[WhiteElo "2144"]
[BlackElo "2184"]
[WhiteFideId "2119420"]
[BlackFideId "3307336"]
[EventDate "2025.05.30"]

1. d4 Nf6 2. c4 e6 3. Nf3 b6 4. a3 Bb7 5. Nc3 Be7 6. g3 O-O 7. Bg2 Ne4 8. Nxe4
Bxe4 9. O-O d5 10. b3 Nc6 11. Bb2 Bf6 12. e3 Na5 13. Rc1 c5 14. Bc3 Nb7 15. Ba1
Rc8 16. Qe2 Qe7 17. dxc5 Bxa1 18. Rxa1 Nxc5 19. Qb2 dxc4 20. bxc4 Rfd8 21. Nd4
Bxg2 22. Kxg2 e5 23. Nb5 Nd3 24. Qb3 Qb7+ 25. Kg1 a6 26. Nc3 h5 27. Nd5 e4 28.
f3 b5 29. fxe4 Nc5 30. Qb1 Qa7 31. cxb5 axb5 32. Qb4 Re8 33. Rf4 Ne6 34. Rf2 Ng5
35. Qxb5 Nh3+ 36. Kg2 Nxf2 37. Kxf2 Rb8 38. Qd3 Rb2+ 39. Kg1 h4 40. Rf1 hxg3 41.
hxg3 Qb8 42. Nf4 Qe5 43. Qd7 Qe7 44. Qd4 Qe5 45. Qxe5 Rxe5 46. Nd3 Reb5 47. Nxb2
Rxb2 48. Rf5 Rb3 49. Ra5 Rxe3 50. Kf2 Rxe4 51. a4 g6 52. Kf3 Rb4 53. Ra7 Kg7 54.
a5 Ra4 55. a6 Kf6 56. Ra8 Kg5 57. Rf8 f5 58. Ra8 Ra3+ 59. Kf2 Kg4 60. Rg8 Rxa6
61. Kg2 g5 62. Re8 Ra2+ 63. Kf1 Kxg3 64. Re5 Kg4 65. Kg1 f4 66. Rb5 Kh4 67. Rb8
Kg3 68. Kf1 f3 69. Rb1 g4 70. Rc1 Rh2 0-1

[Event "American Cont Blitz 2025"]
[Site "Foz do Iguacu BRA"]
[Date "2025.05.30"]
[Round "4.12"]
[White "Lima, Stefan Moisei VIeira"]
[Black "Sanhueza, Cristian"]
[Result "0-1"]
[WhiteTitle "FM"]
[BlackTitle "FM"]
[WhiteElo "2241"]
[BlackElo "2182"]
[WhiteFideId "22782273"]
[BlackFideId "116815"]
[EventDate "2025.05.30"]

1. b3 e5 2. Bb2 Nc6 3. c4 Nf6 4. e3 d5 5. cxd5 Nxd5 6. a3 Bd6 7. Qc2 O-O 8. d3
Re8 9. Nf3 Qf6 10. Be2 Qg6 11. Kf1 a5 12. Nbd2 Qh6 13. Rc1 Bd7 14. Ne4 f5 15.
Nc5 Bxc5 16. Qxc5 Nf6 17. Nxe5 Nxe5 18. Bxe5 Ng4 19. Bf4 Qe6 20. d4 Kh8 21. h3
Nf6 22. Qc4 Qb6 23. Kg1 c6 24. Kh2 Ne4 25. f3 Be6 26. Qc2 Nf6 27. Bc4 Bd5 28.
Be5 Nd7 29. Qxf5 Qd8 30. Bxd5 cxd5 31. Bxg7+ Kxg7 32. Rc3 Nf6 33. Qg5+ Kf7 34.
e4 dxe4 35. fxe4 Qxd4 36. Rc7+ Re7 37. Rxe7+ Kxe7 38. Qg7+ Ke6 39. Rf1 Qe5+ 40.
Qg3 Qxg3+ 41. Kxg3 Nxe4+ 42. Kh2 Rc8 43. Rf4 Nf6 44. Ra4 b6 45. Rh4 Rc3 46. b4
a4 47. b5 Rxa3 48. Rc4 Nd5 49. Rh4 Rb3 50. Rxh7 Rxb5 51. Kg3 Ke5 0-1

[Event "American Cont Blitz 2025"]
[Site "Foz do Iguacu BRA"]
[Date "2025.05.30"]
[Round "4.13"]
[White "Giron Chavez, David Emanuel"]
[Black "Ticona Rocabado, Licael Roderick"]
[Result "0-1"]
[WhiteTitle "FM"]
[BlackTitle "IM"]
[WhiteElo "2108"]
[BlackElo "2359"]
[WhiteFideId "7300697"]
[BlackFideId "3319113"]
[EventDate "2025.05.30"]

1. e4 e6 2. d3 d5 3. Nd2 Nf6 4. Ngf3 c5 5. g3 Nc6 6. Bg2 Be7 7. O-O O-O 8. Re1
b5 9. e5 Nd7 10. c4 bxc4 11. dxc4 Nb6 12. cxd5 exd5 13. b3 Be6 14. Bb2 Rc8 15.
Nb1 d4 16. Nbd2 Qd7 17. Ne4 Rfd8 18. Bc1 Nd5 19. Bg5 Bxg5 20. Nfxg5 Nxe5 21.
Nxh7 Bg4 22. Qd2 Nf3+ 23. Bxf3 Bxf3 24. Nhg5 Bh5 25. f4 f6 26. Rac1 fxg5 27.
Nxg5 Ne3 28. Qd3 g6 29. Qe4 Qd5 0-1

[Event "American Cont Blitz 2025"]
[Site "Foz do Iguacu BRA"]
[Date "2025.05.30"]
[Round "4.14"]
[White "Reyes Zavaleta, Cristhian Yamil"]
[Black "Becker, Rogerio Sperb"]
[Result "1-0"]
[WhiteElo "2073"]
[BlackElo "2111"]
[WhiteFideId "3844340"]
[BlackFideId "22767797"]
[EventDate "2025.05.30"]

1. d4 Nf6 2. c4 e6 3. g3 c5 4. Nf3 d5 5. Bg2 Nc6 6. O-O Be7 7. Nc3 O-O 8. cxd5
exd5 9. Bf4 a6 10. a3 Re8 11. Rc1 c4 12. Ne5 Na5 13. e4 Nb3 14. Rc2 dxe4 15.
Nxe4 Qxd4 16. Rxc4 Qxb2 17. Nd3 Qxa3 18. Rc3 Be6 19. Nd2 Red8 20. Nxb3 Bb4 21.
Bc1 Qa4 22. Ndc5 Rxd1 23. Rxd1 Qb5 24. Bf1 Qe8 25. Rc2 Rd8 26. Rxd8 Qxd8 27. Bd2
Bxd2 28. Rxd2 Qb6 29. Nxe6 fxe6 30. Nd4 Nd5 31. Bh3 Nc7 32. Nf3 h6 1-0

[Event "American Cont Blitz 2025"]
[Site "Foz do Iguacu BRA"]
[Date "2025.05.30"]
[Round "5.1"]
[White "Fier, Alexandr"]
[Black "Quesada Perez, Luis Ernesto"]
[Result "1/2-1/2"]
[WhiteTitle "GM"]
[BlackTitle "GM"]
[WhiteElo "2556"]
[BlackElo "2546"]
[WhiteFideId "2107139"]
[BlackFideId "3520773"]
[EventDate "2025.05.30"]

1. d4 Nf6 2. Nf3 d5 3. c3 e6 4. Bg5 c5 5. e3 Nc6 6. Nbd2 Be7 7. Bd3 b6 8. O-O
Bb7 9. Ne5 Nxe5 10. dxe5 Nd7 11. Bxe7 Qxe7 12. f4 O-O 13. Nf3 f5 14. exf6 Rxf6
15. Qe1 e5 16. Bb5 exf4 17. exf4 Qd6 18. Ne5 Nxe5 19. Qxe5 a6 20. Qxd6 Rxd6 21.
Bd3 d4 22. Rad1 Rad8 23. Bc4+ Kf8 24. Bb3 dxc3 25. Rxd6 Rxd6 26. bxc3 b5 27. Rd1
Rxd1+ 28. Bxd1 Bd5 29. a3 a5 30. Kf2 a4 31. Bc2 b4 32. cxb4 cxb4 33. axb4 a3 34.
Bb1 a2 35. Bxa2 Bxa2 36. Ke3 Ke7 37. Kd4 Kd6 38. g4 g6 39. Ke4 Bd5+ 40. Ke3 Be6
41. h3 Kd5 42. b5 Bc8 43. b6 Bb7 44. Kd3 Kc5 45. Ke3 Kxb6 46. Kd4 Bg2 47. h4 Kc6
48. Ke5 Kd7 49. Kf6 Bf3 50. f5 gxf5 51. Kxf5 Ke7 52. Kg5 Kf7 53. Kh6 Be4 54. g5
Bd3 55. h5 Be4 56. g6+ Bxg6 57. hxg6+ hxg6 58. Kg5 1/2-1/2

[Event "American Cont Blitz 2025"]
[Site "Foz do Iguacu BRA"]
[Date "2025.05.30"]
[Round "5.2"]
[White "Avila Pavas, Santiago"]
[Black "Salinas Herrera, Pablo"]
[Result "1/2-1/2"]
[WhiteTitle "GM"]
[BlackTitle "GM"]
[WhiteElo "2469"]
[BlackElo "2447"]
[WhiteFideId "4437128"]
[BlackFideId "3407128"]
[EventDate "2025.05.30"]

1. d4 d5 2. Bf4 e6 3. e3 Nf6 4. Nf3 Bd6 5. Nbd2 O-O 6. c3 c5 7. Bd3 Bxf4 8. exf4
Qc7 9. g3 b6 10. Qe2 a5 11. O-O Ba6 12. Bxa6 Nxa6 13. Rac1 c4 14. Ne5 b5 15. h4
Nb8 16. h5 Nc6 17. h6 g6 18. Kg2 Ne8 19. Ndf3 Ne7 20. Ng5 Ra6 21. Ng4 Nf5 22.
Rfe1 Qe7 23. Kg1 Nf6 24. Nxf6+ Qxf6 25. Kg2 Qe7 26. b3 f6 27. Nf3 Rb6 28. Rb1
cxb3 29. Rxb3 b4 30. cxb4 axb4 31. a3 Rfb8 32. Rxb4 Rxb4 33. axb4 Rxb4 34. Qxe6+
Qxe6 35. Rxe6 Kf7 36. Rc6 Nxh6 37. Rc7+ Kg8 38. Rc8+ Kg7 39. Rc7+ Kg8 40. Rc8+
Kf7 41. Rc7+ Kg8 1/2-1/2

[Event "American Cont Blitz 2025"]
[Site "Foz do Iguacu BRA"]
[Date "2025.05.30"]
[Round "5.3"]
[White "Liascovich, Lucas"]
[Black "Martinez Alcantara, Jose Eduardo"]
[Result "0-1"]
[WhiteTitle "IM"]
[BlackTitle "GM"]
[WhiteElo "2417"]
[BlackElo "2611"]
[WhiteFideId "108634"]
[BlackFideId "3805662"]
[EventDate "2025.05.30"]

1. d4 Nf6 2. Nf3 e6 3. e3 b6 4. Bd3 Bb7 5. b3 Be7 6. Bb2 O-O 7. O-O c5 8. Nbd2
cxd4 9. exd4 d6 10. c4 Nbd7 11. Re1 Re8 12. Rc1 Bf8 13. Ne4 Nxe4 14. Bxe4 Bxe4
15. Rxe4 Nf6 16. Re1 Rc8 17. d5 e5 18. a4 a5 19. Nd2 g6 20. Ne4 Nxe4 21. Rxe4 f5
22. Re1 Bg7 23. f4 exf4 24. Bxg7 Rxe1+ 25. Qxe1 Kxg7 26. Rc2 Rc7 27. Re2 Kf7 28.
Re6 Rd7 29. Qf2 Qg5 30. Qxb6 f3 31. Qf2 fxg2 32. Qxg2 Qc1+ 33. Qf1 Qc3 34. Qd1
Rb7 35. Qe2 Qxb3 36. Kg2 Qc3 37. Re3 Qd4 38. Rd3 Qb2 39. Rd2 Qf6 40. c5 Re7 41.
Qf3 Qg5+ 0-1

[Event "American Cont Blitz 2025"]
[Site "Foz do Iguacu BRA"]
[Date "2025.05.30"]
[Round "5.4"]
[White "Tristan, Leonardo"]
[Black "Campos Gomez, Manuel"]
[Result "1-0"]
[WhiteTitle "GM"]
[BlackTitle "IM"]
[WhiteElo "2536"]
[BlackElo "2355"]
[WhiteFideId "113816"]
[BlackFideId "4444710"]
[EventDate "2025.05.30"]

1. d4 Nf6 2. Nf3 b6 3. Bf4 Bb7 4. h3 g6 5. e3 Bg7 6. Be2 O-O 7. O-O d6 8. Bh2 c5
9. c3 Nbd7 10. Nbd2 a6 11. a4 Qc7 12. Bd3 Rfe8 13. e4 Rad8 14. Qe2 Qc8 15. e5
dxe5 16. dxe5 Nd5 17. e6 Nf8 18. exf7+ Kxf7 19. Bc4 e6 20. Ne4 Qc6 21. Ne5+ Bxe5
22. Bxe5 Kg8 23. Rfe1 Nd7 24. Bg3 N5f6 25. Nxf6+ Nxf6 26. f3 Nd5 27. Bxa6 Bxa6
28. Qxa6 Ra8 29. Qc4 Ra7 30. Be5 Rea8 31. Qh4 Qd7 32. c4 Qe7 33. Qe4 Nb4 34.
Rad1 Re8 35. Rd6 Rxa4 36. Rxb6 Ra7 37. Bd6 Qf7 38. Bxc5 Na6 39. Bd4 e5 40. Bc3
Nc5 41. Qd5 Qxd5 42. cxd5 Rd7 43. d6 e4 44. Rc6 Nb7 45. Rc7 Rxc7 46. dxc7 Rc8
47. Be5 exf3 48. gxf3 Nc5 49. Rd1 Ne6 50. Rd7 Ra8 51. b4 1-0

[Event "American Cont Blitz 2025"]
[Site "Foz do Iguacu BRA"]
[Date "2025.05.30"]
[Round "5.5"]
[White "Lima, Darcy"]
[Black "Rojas Salas, Steven"]
[Result "1-0"]
[WhiteTitle "GM"]
[BlackTitle "IM"]
[WhiteElo "2380"]
[BlackElo "2343"]
[WhiteFideId "2100045"]
[BlackFideId "3819434"]
[EventDate "2025.05.30"]

1. g3 d5 2. Bg2 c6 3. d3 Nf6 4. f4 g6 5. Nf3 Bg7 6. O-O d4 7. c3 c5 8. e4 dxe3
9. Bxe3 Nbd7 10. Kh1 O-O 11. Na3 Rb8 12. d4 b6 13. d5 Ba6 14. Re1 Bb7 15. c4 Ng4
16. Qd2 Nxe3 17. Rxe3 Nf6 18. Nb5 a6 19. Nc3 b5 20. Ne5 Nd7 21. Nc6 Qb6 22. Nxb8
Nxb8 23. Rxe7 bxc4 24. Rae1 Bc8 25. Re8 Nd7 26. d6 Bd4 27. Nd5 Qxd6 28. Rxc8
Rxc8 29. Ne7+ Kg7 30. Nxc8 Qb8 31. Ne7 Qxb2 32. Qxb2 Bxb2 33. Nd5 c3 34. Be4 c4
35. Bc2 Nb8 36. Kg2 Nc6 37. Re4 f5 38. Rxc4 Nd8 39. Nxc3 Ne6 40. Ne2 a5 41. a4
Ba3 42. h3 h5 43. Nd4 Nd8 44. Nc6 Nb7 45. Kf3 h4 46. g4 Kf6 47. gxf5 gxf5 48.
Rc3 Bf8 49. Rb3 Nc5 50. Rb5 Ne6 51. Rxf5+ Kg7 52. Rxa5 Nc7 53. Rg5+ Kh6 54. Rg6+
Kh5 55. a5 Nb5 56. a6 Bc5 57. Ne5 Nd4+ 58. Ke4 Nxc2 59. Rc6 Nb4 60. Rxc5 Nxa6
61. Rc4 Nb8 62. Kd5 Na6 63. Kd6 Kh6 64. Kc6 Nb8+ 65. Kc7 1-0

[Event "American Cont Blitz 2025"]
[Site "Foz do Iguacu BRA"]
[Date "2025.05.30"]
[Round "5.6"]
[White "Garcia Pantoja, Roberto"]
[Black "Mayta Aiza, Maveric"]
[Result "0-1"]
[WhiteTitle "GM"]
[BlackTitle "CM"]
[WhiteElo "2531"]
[BlackElo "2184"]
[WhiteFideId "3509265"]
[BlackFideId "3307336"]
[EventDate "2025.05.30"]

1. e4 c5 2. Nf3 e6 3. c3 d5 4. e5 d4 5. d3 Nc6 6. g3 Nge7 7. Bg2 Ng6 8. Qe2 Qc7
9. O-O Ncxe5 10. Nxe5 Qxe5 11. Be4 Be7 12. f4 Qd6 13. Na3 O-O 14. Nc4 Qd8 15. h4
Re8 16. h5 Nf8 17. h6 g6 18. cxd4 cxd4 19. Bd2 Rb8 20. Na5 Nd7 21. Bg2 Bf8 22.
Rac1 Bxh6 23. Rc2 Nb6 24. Rfc1 Nd5 25. Qe5 Bd7 26. Bxd5 exd5 27. Qxd5 Be6 28.
Qxd8 Rexd8 29. Bb4 g5 30. Be7 Rd5 31. b4 Re8 32. Bxg5 Bxg5 33. fxg5 Rxg5 34. Kf2
b6 35. Nc6 Bd5 36. Nxd4 Kg7 37. a3 Rd8 38. Rc7 Ba2 39. Nf3 Rf5 40. g4 Rf6 41.
R1c3 a5 42. Kg3 axb4 43. axb4 Be6 44. Nh4 Rd4 45. R7c4 Bxc4 46. dxc4 b5 47. cxb5
Rxb4 48. Rc5 Re6 49. Nf5+ Kf6 50. Kh4 Ree4 51. Nh6 Kg7 52. Nf5+ Kf6 53. Rc6+ Re6
54. Rc5 Ree4 55. Nh6 Kg6 56. Nf5 Rxg4+ 57. Kh3 Rgf4 58. Ne7+ Kg7 59. Nd5 Rb3+
60. Kg2 Rf5 61. b6 Rxb6 62. Kg3 Rd6 63. Ne7 Rxc5 0-1

[Event "American Cont Blitz 2025"]
[Site "Foz do Iguacu BRA"]
[Date "2025.05.30"]
[Round "5.7"]
[White "Ynojosa Aponte, Felix Jose"]
[Black "Sanhueza, Cristian"]
[Result "1-0"]
[WhiteTitle "IM"]
[BlackTitle "FM"]
[WhiteElo "2392"]
[BlackElo "2182"]
[WhiteFideId "3900258"]
[BlackFideId "116815"]
[EventDate "2025.05.30"]

1. e4 e5 2. Nf3 d5 3. Nxe5 dxe4 4. d4 Nd7 5. Nxd7 Bxd7 6. Nc3 Nf6 7. Be2 Bd6 8.
Bg5 Bf5 9. Qd2 h6 10. Bh4 c6 11. Bg3 O-O 12. Nd1 Bg6 13. c4 a5 14. O-O a4 15.
Ne3 Bxg3 16. hxg3 Qd7 17. d5 a3 18. b4 Rad8 19. Rfd1 cxd5 20. cxd5 Qa4 21. Qd4
Rd7 22. Rd2 Rfd8 23. Bd1 Qb5 24. Bb3 Rd6 25. Rc1 Qb6 26. Qc3 Qa7 27. Rcd1 h5 28.
Qc5 Qb8 29. Nc4 R6d7 30. d6 Ne8 31. Ne5 Rxd6 32. Rxd6 Rxd6 33. Rxd6 Nxd6 34.
Nxg6 e3 35. Qxe3 Nf5 36. Ne7+ Nxe7 37. Qxe7 Qd8 1-0

[Event "American Cont Blitz 2025"]
[Site "Foz do Iguacu BRA"]
[Date "2025.05.30"]
[Round "5.8"]
[White "Baules Rodriguez, Jorge Luis"]
[Black "Perez Gormaz, Matias"]
[Result "0-1"]
[WhiteTitle "IM"]
[BlackTitle "IM"]
[WhiteElo "2257"]
[BlackElo "2408"]
[WhiteFideId "6600247"]
[BlackFideId "3406342"]
[EventDate "2025.05.30"]

1. e4 c6 2. d4 d5 3. exd5 cxd5 4. c4 Nf6 5. Nc3 g6 6. Qb3 Bg7 7. cxd5 O-O 8. Be2
Nbd7 9. Bf3 Nb6 10. Nge2 Bf5 11. a4 Bd3 12. a5 Bc4 13. Qb4 Bxe2 14. Bxe2 Nfxd5
15. Qb3 Nxc3 16. bxc3 Qd5 17. Qxd5 Nxd5 18. Bb2 Rac8 19. Ra3 e5 20. Bf3 Rfd8 21.
O-O b6 22. axb6 axb6 23. Rb3 exd4 24. cxd4 Rc2 25. Re1 h5 26. Rb5 Nf4 27. Be4
Re2 28. Rxe2 Nxe2+ 29. Kf1 Nxd4 30. Rxb6 Ne6 31. g3 Rd1+ 32. Kg2 Rd2 33. Bxg7
Kxg7 34. Rc6 Rb2 35. Rc2 Rb4 36. Bd5 Nd4 37. Rd2 Nf5 38. Re2 h4 39. Be4 Nd4 40.
Rd2 Ne6 41. Bd5 Ng5 42. f4 Nh7 43. Ba2 Nf6 44. Rc2 Ng4 45. Kf3 Nh6 46. g4 Ra4
47. g5 Ra3+ 48. Ke4 Nf5 49. Bc4 Re3+ 50. Kd5 Rf3 51. Ke5 Re3+ 52. Kd5 Re1 53.
Rf2 Ne3+ 54. Kd4 Nf5+ 55. Kd3 Rd1+ 56. Kc2 Ne3+ 57. Kb3 Rb1+ 58. Ka2 Rb4 59. Bd3
Nd5 60. f5 Rd4 61. Bc2 gxf5 62. Bxf5 Rf4 63. Rxf4 Nxf4 64. Kb3 Ne6 65. g6 Nd4+
66. Kc4 Nxf5 67. gxf7 Kxf7 68. Kd5 Kf6 69. Ke4 Kg5 70. h3 Nd6+ 71. Ke5 Nf7+ 72.
Ke4 Nh8 73. Ke5 Ng6+ 74. Ke4 Nf4 0-1

[Event "American Cont Blitz 2025"]
[Site "Foz do Iguacu BRA"]
[Date "2025.05.30"]
[Round "5.9"]
[White "Carcamo, Matias"]
[Black "Dauer, Andre Leonardo"]
[Result "1-0"]
[BlackTitle "CM"]
[WhiteElo "2077"]
[BlackElo "2138"]
[WhiteFideId "115541"]
[BlackFideId "2126915"]
[EventDate "2025.05.30"]

1. e4 e6 2. d4 d5 3. exd5 exd5 4. Nf3 Bd6 5. Bd3 Bg4 6. c3 Ne7 7. Bg5 f6 8. Bh4
Nbc6 9. Nbd2 Qd7 10. Qc2 O-O-O 11. O-O-O Kb8 12. Rde1 Bf5 13. Bg3 Bxd3 14. Qxd3
Rde8 15. Nb3 b6 16. Qb5 Bxg3 17. hxg3 Nc8 18. Rxe8 Qxe8 19. Re1 Qd7 20. Nc5 Qd6
21. Re6 Nd8 22. Rxd6 Nxd6 23. Qb3 Re8 24. Na6+ Kb7 25. Nb4 a5 26. Qxd5+ 1-0

[Event "American Cont Blitz 2025"]
[Site "Foz do Iguacu BRA"]
[Date "2025.05.30"]
[Round "5.10"]
[White "Ticona Rocabado, Licael Roderick"]
[Black "Hungaski, Robert"]
[Result "1/2-1/2"]
[WhiteTitle "IM"]
[BlackTitle "GM"]
[WhiteElo "2359"]
[BlackElo "2477"]
[WhiteFideId "3319113"]
[BlackFideId "2021030"]
[EventDate "2025.05.30"]

1. d4 d5 2. c4 dxc4 3. e3 e5 4. Bxc4 exd4 5. exd4 Bd6 6. Nf3 Nf6 7. O-O O-O 8.
Nc3 Nc6 9. h3 h6 10. a3 Bf5 11. Re1 a6 12. Be3 Qd7 13. Rc1 Rae8 14. Bf1 Re7 15.
Qb3 b5 16. Nxb5 axb5 17. Bxb5 Na5 18. Bxd7 Nxb3 19. Bxf5 Nxc1 20. Rxc1 Nd5 21.
Bd2 Bf4 22. Bxf4 Nxf4 23. Kf1 g6 24. Bc2 Ra8 25. Ne5 c5 26. Be4 Ra4 27. g3 Ne6
28. Bc2 Ra6 29. Bd3 Rd6 30. dxc5 Rd5 31. f4 Rxc5 32. Rxc5 Nxc5 33. Bc4 Kg7 34.
b4 Ne4 35. Kg2 Ra7 36. Bd3 Nd6 37. b5 Rxa3 38. Kf2 Rb3 39. Ke2 Nxb5 40. Bc4 Nd4+
41. Kf2 Rb2+ 42. Ke3 Nf5+ 43. Kf3 Nd6 44. Bd3 Rb3 45. Ke2 Ra3 46. Nc6 Nf5 47.
Bxf5 gxf5 48. Nd4 Kf6 49. Nf3 Ra2+ 50. Kf1 Ke6 51. Nd4+ Kd5 52. Nxf5 Ke4 53.
Nxh6 f6 54. Ng8 Kf3 55. Ke1 f5 56. g4 fxg4 57. hxg4 Ke3 58. Kd1 Kxf4 59. Nf6 Kg5
60. Ne4+ Kxg4 61. Nc3 Rh2 62. Ne4 Kf3 63. Nd2+ Ke3 64. Nc4+ Kd4 65. Nd2 Kd3 66.
Nf1 Ra2 67. Ke1 Ke4 68. Nd2+ Ke3 69. Nc4+ Kd3 70. Ne5+ Ke4 71. Nc4 Kd4 72. Nd6
Kd3 73. Kf1 Ke3 74. Nf5+ Kf4 75. Nd6 Kf3 76. Ke1 Ke3 77. Nc4+ Kd3 78. Nd6 Rg2
79. Nf5 Rg5 80. Kf1 1/2-1/2

[Event "American Cont Blitz 2025"]
[Site "Foz do Iguacu BRA"]
[Date "2025.05.30"]
[Round "5.11"]
[White "Reyes Zavaleta, Fabian Ricardo"]
[Black "Muniz, Francisco Allysson da S."]
[Result "1-0"]
[WhiteTitle "FM"]
[WhiteElo "2299"]
[BlackElo "2197"]
[WhiteFideId "3844153"]
[BlackFideId "2184753"]
[EventDate "2025.05.30"]

1. d4 d5 2. c4 c6 3. Nf3 Nf6 4. e3 Bf5 5. Nc3 e6 6. Nh4 Bg6 7. Be2 Bd6 8. g3 Be4
9. f3 Bg6 10. O-O Qc7 11. Kg2 O-O 12. Nxg6 fxg6 13. Bd2 Nbd7 14. Rc1 a6 15. cxd5
exd5 16. e4 dxe4 17. fxe4 Bb4 18. Bc4+ Kh8 19. e5 Bxc3 20. Bxc3 Ne4 21. Qe2 Nxc3
22. bxc3 Nb6 23. Bd3 c5 24. Be4 Rxf1 25. Rxf1 Rd8 26. Qf3 Qe7 27. d5 h6 28. e6
Qg5 29. Rf2 Nc4 30. Re2 Ne5 31. Qf4 Qh5 32. Bf3 Nxf3 33. Qxf3 Qg5 34. e7 Rg8 35.
d6 1-0